Disney Characters A-Z - Statistics

General Stats
  • This quiz has been taken 75 times
  • The average score is 15 of 25
Answer Stats
Letter Description Character % Correct
U Evil sea witch Ursula
86%
G Cinderella's mouse friend Gus Gus
81%
H From Zero to Hero Hercules
81%
R A rat with a knack for cooking Remy
81%
E Robot WALL-E loves EVE
79%
I Parrot sidekick to Jafar Iago
77%
M Scottish Princess Merida
77%
Q Off with her head! Queen of Hearts
74%
Z Loyal advisor to Mufasa Zazu
74%
W There's a snake in my boot! Woody
72%
Y A Llama... He's supposed to be dead! Yzma
72%
B Your personal healthcare companion Baymax
65%
F Pet cat of Gepetto Figaro
63%
O Stray kitten Oliver
63%
L Trumpet playing alligator Louis
58%
K Trussssssst in me.... Kaa
53%
N Nanny to the Darling children Nana
51%
V Glitch racer girl Vanellope Von Schweetz
51%
C Tod's childhood best friend Copper
49%
D Pet dog of Miguel Dante
49%
J Henchman to Cruella de Vil Jasper
49%
A Bird companion of Merlin Archimedes
47%
S Seagull friend to Ariel Scuttle
44%
T Elephant friend of Tarzan Tantor
28%
P Squirrel friend to Giselle Pip
23%
No matching quizzes found
Score Distribution
Percent of People with Each Score
Percentile by Number Answered
Your Score History
You have not taken this quiz